000 00218nam a22000857a 4500
008 160805b xxu||||| |||| 00| 0 eng d
100 _939
_aShreelatha A.P
245 _aPhysics-IX
260 _aNew Delhi
_bArya Publication
_c2008
999 _c2690
_d2690